000 01094nam a2200277 a 4500
001 BRL_1859
005 20190320211412.0
008 100815s1995----mx-o######---#000-0#spa-#
020 _a9683644481
041 _aspa
044 _amx
050 4 _aF1392.G4
_b.M64 1995
245 1 0 _aMéxico, el exilio bien temprano
_cEditoras Renata von Hanffstengel y Cecilia Tercero Vasconcelos.
260 _aMéxico
_bInstituto de Investigaciones Interculturales Germano-Mexicanas, A.C. : Instituto Goethe México, A.C. : Secretaría de Cultura, Gobierno del Estado de Puebla : UNAM
_c1995
300 _a356 p., 27 laminas
_bil.
_c27 cm.
500 _aAu2198
650 1 4 _aAlemanes
_vCongresos
_zMexico
_928064
650 1 4 _aAlemanes
_vCongresos
_zLatino América
_928065
650 1 4 _aInmigrantes
_vCongresos
_zMexico
_928066
650 1 4 _aRefugiados politicos
_vCongresos
_zAlemania
_928067
650 1 4 _aRefugiados politicos
_vCongresos
_zMexico
_928068
700 1 _aHanffstengel, Renata von
_d1934-
_eed.
_928069
700 1 _aTercero Vasconcelos, Cecilia
_eed.
_928070
902 _aGRL
942 _2lcc
_cB
999 _c10667
_d10667